| 000 | 00349nam a22001217a 4500 | ||
|---|---|---|---|
| 020 | _a 978-1-118-41939-7 | ||
| 082 |
_a620.16 _bMCE |
||
| 100 |
_a McEvily Arthur J. _9119366 |
||
| 245 |
_aMetal Failures : _bmechanisms, analysis, prevention / _cArthur J. McEvily |
||
| 260 |
_a New Jersey ; _bohn Wiley, _c2013. |
||
| 300 | _a506p. : | ||
| 942 |
_2ddc _cBK |
||
| 999 |
_c607122 _d607122 |
||